Design of equilibrium stage processes (Record no. 13251)

000 -LEADER
fixed length control field 00589nam a22002171 4500
001 - CONTROL NUMBER
control field 13251
003 - CONTROL NUMBER IDENTIFIER
control field BD-DhUET
008 - FIXED-LENGTH DATA ELEMENTS--GENERAL INFORMATION
fixed length control field 740517s1963 nyua b 000 0 eng
020 ## - INTERNATIONAL STANDARD BOOK NUMBER
International Standard Book Number 070586373
040 ## - CATALOGING SOURCE
Original cataloging agency DLC
Transcribing agency OAkU
Modifying agency BD-DhUET
082 ## - DEWEY DECIMAL CLASSIFICATION NUMBER
Classification number 660.28422
Item number SMI/1963
100 1# - MAIN ENTRY--PERSONAL NAME
Personal name Smith, Buford D.
245 10 - TITLE STATEMENT
Title Design of equilibrium stage processes
250 ## - EDITION STATEMENT
Edition statement 1st ed.
260 ## - PUBLICATION, DISTRIBUTION, ETC. (IMPRINT)
Place of publication, distribution, etc. New York
Name of publisher, distributor, etc. McGraw-Hill
Date of publication, distribution, etc. 1963
300 ## - PHYSICAL DESCRIPTION
Extent 647 p.
Other physical details ill.
Dimensions 24 cm.
490 ## - SERIES STATEMENT
Series statement McGraw-Hill chemical engineering series
504 ## - BIBLIOGRAPHY, ETC. NOTE
Bibliography, etc Includes bibliographies
650 #0 - SUBJECT ADDED ENTRY--TOPICAL TERM
Topical term or geographic name as entry element Chemical equilibrium
942 ## - ADDED ENTRY ELEMENTS (KOHA)
Koha item type General Book
Holdings
Date acquired Sublocation or collection (holding branch) Source of classification or shelving scheme Withdrawn status Not for loan Piece designation (barcode) Koha normalized classification for sorting Koha full call number Price effective from Koha item type Lost status Koha date last seen Shelving location Damaged status Location (home branch) Copy number
2015-03-02Central Library, BUET   34954660_284220000000000_SMI_1963660.28422/SMI/19632015-03-02General Book 2015-03-02Circulation section Central Library, BUET1
2015-03-03Central Library, BUET   29845660_284220000000000_SMI_1963660.28422/SMI/19632015-03-03General Book 2015-03-03Circulation section Central Library, BUET2
2015-03-03Central Library, BUET   29841660_284220000000000_SMI_1963660.28422/SMI/19632015-03-03General Book 2015-03-03Circulation section Central Library, BUET3
2015-03-03Central Library, BUET   29847660_284220000000000_SMI_1963660.28422/SMI/19632015-03-03General Book 2015-03-03Circulation section Central Library, BUET4
2015-03-03Central Library, BUET   29853660_284220000000000_SMI_1963660.28422/SMI/19632015-03-03General Book 2015-03-03Circulation section Central Library, BUET5
2015-03-03Central Library, BUET   29843660_284220000000000_SMI_1963660.28422/SMI/19632015-03-03General Book 2015-03-03Circulation section Central Library, BUET6
2015-03-03Central Library, BUET   29844660_284220000000000_SMI_1963660.28422/SMI/19632015-03-03General Book 2015-03-03Circulation section Central Library, BUET7
2015-03-03Central Library, BUET   29840660_284220000000000_SMI_1963660.28422/SMI/19632015-03-03General Book 2015-03-03Circulation section Central Library, BUET8
2015-03-03Central Library, BUET   34955660_284220000000000_SMI_1963660.28422/SMI/19632015-03-03General Book 2015-03-03Circulation section Central Library, BUET9
2015-05-11Central Library, BUET   11477660_284220000000000_SMI_1963660.28422/SMI/19632015-05-11General Book 2015-05-11Circulation section Central Library, BUET10
2015-05-11Central Library, BUET   29846660_284220000000000_SMI_1963660.28422/SMI/19632015-05-11General Book 2015-05-11Circulation section Central Library, BUET11
2015-05-11Central Library, BUET   34953660_284220000000000_SMI_1963660.28422/SMI/19632015-05-11General Book 2015-05-11Circulation section Central Library, BUET12
2015-05-11Central Library, BUET   18836660_284220000000000_SMI_1963660.28422/SMI/19632015-05-11General Book 2015-05-11Circulation section Central Library, BUET13
2015-05-11Central Library, BUET   29854660_284220000000000_SMI_1963660.28422/SMI/19632015-05-11General Book 2015-05-11Circulation section Central Library, BUET14
2015-05-11Central Library, BUET   29856660_284220000000000_SMI_1963660.28422/SMI/19632015-05-11General Book 2015-05-11Circulation section Central Library, BUET15
2015-05-19Central Library, BUET   29848660_284220000000000_SMI_1963660.28422/SMI/19632015-05-19General Book 2015-05-19Circulation section Central Library, BUET16
2015-06-18Central Library, BUET   6449660_284220000000000_SMI_1963660.28422/SMI/19632015-06-18Reading Item 2015-06-18Reading section Central Library, BUET17